Beginning illustration and storyboarding for games

Αποθηκεύτηκε σε:
Λεπτομέρειες βιβλιογραφικής εγγραφής
Κύριος συγγραφέας: Pardew, Les
Μορφή: Βιβλίο
Γλώσσα:English
Δημοσίευση: Boston, Mass. : Thomson Course Technology, c2005.
Θέματα:
Ετικέτες: Προσθήκη ετικέτας
Δεν υπάρχουν, Καταχωρήστε ετικέτα πρώτοι!

MARC

LEADER 00000cam a2200000 i 4500
001 1/70905
008 080117s2005 mau| ||| |||| ||eng||
020 |a 1592004954 
035 |l 10093793 
040 |a GR-MyUa  |b gre  |e AACR2 
041 0 |a eng 
082 7 |a 794.81536   |2 (22) 
100 1 |a Pardew, Les. 
245 1 0 |a Beginning illustration and storyboarding for games /   |c Les Pardew.  
260 |a Boston, Mass. :   |b Thomson Course Technology,   |c c2005.  
300 |a xv, 276 σ. :   |b εικ. ;   |c 23 εκ. +   |e 1 οπτική δισκέτα λέϊζερ Η/Υ (4 3/4 ίν.)  
500 |a Περιλαμβάνει ευρετήριο.  
650 0 |a Computer games  |x Design. 
650 0 |a Video games  |x Design. 
650 0 |a Computer art. 
650 0 |a Computer graphics. 
650 0 |a Computer animation. 
852 |a INST  |b SYROS  |e 20080117  |h 794.81536 PAR  |p 005500006730  |q 005500006730  |t BK  |y 0 
852 |a INST  |b SYROS  |e 20080117  |h 794.81536 PAR   |p 005500006729  |q 005500006729  |t BK  |y 0 
901 |a BIBL5-2008-1 
922 |a 5ΕΛΗ  |b 200709  |c Βιβλιοθήκη Σύρου  |d Glorybook 
970 |a Καγιαβά  |b Ειρήνη  |z 17/01/2008